| 000 | 01729nam a2200265Ia 4500 | ||
|---|---|---|---|
| 999 |
_c54941 _d54941 |
||
| 001 | 22012 | ||
| 003 | GE_BSU | ||
| 005 | 20220926152207.0 | ||
| 008 | 181216s ||||ge |||||||||||||| ||geo|| | ||
| 040 | _cGE_BSU | ||
| 041 | _ageo | ||
| 080 | _a821.111-31 მ-80 | ||
| 100 |
_aმოემი, უილიამ სომერსეტ _914812 |
||
| 245 |
_aჭრელი საბურველი : [რომანი] =THE PAINTED VEIL / _cუილიამ სომერსეტ მოემი ; ინგლ. თარგმნა ლალი გოგაძემ ; რედ. ლ. ხუციშვილი. |
||
| 264 |
_aბათუმი : _bსაბჭოთა აჭარა, _c1987. |
||
| 300 |
_a228 გვ. ; _c20 სმ. |
||
| 490 | _aსაქართველოს მწერალთა კავშირთან არსებული მხატვრული თარგმნისა და ლიტერატურის ურთიერთობათა მთავარი სარედაქციო კოლეგია ურთიერთ. მთ. სარედ. კოლეგია. | ||
| 541 | _h5ლ. | ||
| 653 | _aმხატვრული ლიტერატურა | ||
| 653 | _aრომანში ასახულია ინგლისის ბურჟუაზიული საზოგადოების ობივატელური ყოფა | ||
| 653 | _aჭრელი საბურველი | ||
| 700 |
_aგოგაძე, ლალი _eმთარგმნელი _914813 |
||
| 700 |
_aხუციშვილი, ლ. _eრედაქტორი _95975 |
||
| 942 |
_cBK _2udc |
||